Na čem pracuje IIASA Mezinárodní ústav pro aplikovanou systémovou analýzu

Informácie o činnosti International Institute for Applied Systems Analysis - IIASA - medzinárodnej nevládnej a neziskovej výskumnej organizácie.

Guardado en:
Detalles Bibliográficos
Formato: Capítulo de libro
Lenguaje:checo
Materias:
Etiquetas: Agregar Etiqueta
Sin Etiquetas, Sea el primero en etiquetar este registro!

MARC

LEADER 00000naa a2200000 4500
001 r000815
005 20221213082454.0
041 0 |a cze 
044 |a CZ 
245 1 0 |a Na čem pracuje IIASA  |b Mezinárodní ústav pro aplikovanou systémovou analýzu 
520 |a Informácie o činnosti International Institute for Applied Systems Analysis - IIASA - medzinárodnej nevládnej a neziskovej výskumnej organizácie. 
610 2 0 |a IIASA 
610 2 0 |a organizácie medzinárodné 
610 2 0 |a ústavy výskumné 
610 2 0 |a analýza systémová